书目信息 |
| 题名: |
卫星电视原理
|
|
| 作者: | 刘进军 编著 | |
| 分册: | ||
| 出版信息: | 北京 国防工业出版社 2009.01 |
|
| 页数: | 315页 | |
| 开本: | 26cm | |
| 丛书名: | ||
| 单 册: | ||
| 中图分类: | TN943.3 | |
| 科图分类: | ||
| 主题词: | 卫星广播电视--wei xing guang bo dian shi--基本知识 | |
| 电子资源: | ||
| ISBN: | 978-7-118-05715-7 | |
| 000 | 00903nam0 2200229 450 | |
| 001 | 012009721236 | |
| 005 | 20090430144052.42 | |
| 010 | @a978-7-118-05715-7@dCNY35.00 | |
| 100 | @a20090430d2009 em y0chiy0120 ea | |
| 101 | 0 | @achi |
| 102 | @aCN@b110000 | |
| 105 | @aak z 000yy | |
| 106 | @ar | |
| 200 | 1 | @a卫星电视原理@Awei xing dian shi yuan li@f刘进军编著@Fliu jin jun bian zhu |
| 210 | @a北京@c国防工业出版社@d2009.01 | |
| 215 | @a315页@c图@d26cm | |
| 330 | @a本书分为卫星电视基础原理和专业原理两部分内容。基础原理主要以卫星电视相关的卫星、卫星通信、卫星转发器等基础科目为主;专业原理以卫星电视、移动卫星电视、卫星电视标准、卫星电视传输等专业科目为主,特别介绍了国际上最新的技术和技术标准。 | |
| 606 | 0 | @a卫星广播电视@Awei xing guang bo dian shi@x基本知识 |
| 690 | @aTN943.3@v4 | |
| 701 | 0 | @a刘进军@Aliu jin jun@4编著 |
| 801 | 0 | @aCN@bQSSK@c20090430 |
| 905 | @b738440-42@dTN943.3@eL632@f3 | |
| 卫星电视原理/刘进军编著.-北京:国防工业出版社,2009.01 |
| 315页:图;26cm |
| ISBN 978-7-118-05715-7:CNY35.00 |
| 本书分为卫星电视基础原理和专业原理两部分内容。基础原理主要以卫星电视相关的卫星、卫星通信、卫星转发器等基础科目为主;专业原理以卫星电视、移动卫星电视、卫星电视标准、卫星电视传输等专业科目为主,特别介绍了国际上最新的技术和技术标准。 |
| ● |
| 相关链接 |
|
|
|
正题名:卫星电视原理
索取号:TN943.3/L632
 
预约/预借
| 序号 | 登录号 | 条形码 | 馆藏地/架位号 | 状态 | 备注 |
| 1 | 738440 | 207384409 | 自科库301/301自科库 100排5列1层/ [索取号:TN943.3/L632] | 在馆 | |
| 2 | 738441 | 207384418 | 自科库301/301自科库 100排5列1层/ [索取号:TN943.3/L632] | 在馆 | |
| 3 | 738442 | 207384427 | 自科二线404/404自科库 22排3列5层/ [索取号:TN943.3/L632] | 在馆 |